Řízení rizik: výzva pro pojišťovny

Prieskum zameraný na konkrétne druhy rizík, vzťahy medzi týmito rizikami a ich vplyv na hospodárenie a alokáciu kapitálu. Druhy rizík a ich agregácia. Klady a zápory zavedenia komplexného riadenia rizík. Charakteristika Solvency ll. Situácia v Českej republike a riadenie rizika v poisťovniach v inýc...

Descrizione completa

Salvato in:
Dettagli Bibliografici
Autore principale: Gascoigne, Roger
Altri autori: Lozsi, Imrich
Natura: Capitolo di libro
Lingua:ceco
Soggetti:
Tags: Aggiungi Tag
Nessun Tag, puoi essere il primo ad aggiungerne!!

MARC

LEADER 00000naa$a2200000$$$4500
001 0050288
005 20230927102707.2
041 0 |a cze 
044 |a CZ 
245 1 0 |a Řízení rizik: výzva pro pojišťovny  |c Roger Gascoigne, Imrich Lozsi 
520 |a Prieskum zameraný na konkrétne druhy rizík, vzťahy medzi týmito rizikami a ich vplyv na hospodárenie a alokáciu kapitálu. Druhy rizík a ich agregácia. Klady a zápory zavedenia komplexného riadenia rizík. Charakteristika Solvency ll. Situácia v Českej republike a riadenie rizika v poisťovniach v iných krajinách. 
610 2 0 |a Česko 
610 2 0 |a diverzifikácia 
610 2 0 |a riziko likvidity 
610 2 0 |a riziko úverové 
610 2 0 |a riziko poistné 
610 2 0 |a riziko operačné 
610 2 0 |a riadenie rizík 
610 2 0 |a poisťovne 
100 1 |a Gascoigne, Roger 
700 1 |a Lozsi, Imrich